Statistics for Percy Jackson - Sea of Monsters Characters Quiz

Click here to take the quiz!

General Stats

  • This quiz has been taken 102 times
    (98 since last reset)
  • The average score is 11 of 21

Answer Stats

Hint Answer % Correct
Daughter of ZeusThalia Grace
100%
Luke's dadHermes
88%
Percy's pegasusBlackjack
87%
Nice CyclopsTyson
85%
Hermes's snake 2Martha
76%
Son of Hephaestus, best metal worker at campCharles Beckendorf
75%
Stoll brother 2Travis
74%
Stoll brother 1Connor
74%
Hermes's snake 1George
72%
HippocampusRainbow
68%
Caretaker with 100 eyesArgus
67%
Turns Percy into a guinea pigCirce
66%
Stupid Cyclops with the FleecePolyphemus
40%
Another Sea monster that attacks Clarisse's shipScylla
36%
Sea monster that attacks Clarisse's shipCharybdis
28%
Turned into a guinea pigEdward Teach
27%
Bully in mortal schoolMatt Sloan
12%
Laistrygonian (With Marrow Sucker and Skull Eater)Joe Bob
11%
Luke's two gorilla-like henchmenOreius
8%
andAgrius
7%
Very old P.E. coachCoach Nunley
7%

Score Distribution

Percentile by Number Answered

Percent of People with Each Score

Your Score History

You have not taken this quiz since the last reset